[Event "Vienna op"]
[Site "Vienna"]
[Date "1995.??.??"]
[Round "6"]
[White "Lendwai, Reinhard"]
[Black "Sakaev, Konstantin"]
[Result "1/2-1/2"]
[WhiteElo "2385"]
[BlackElo "2570"]

1.e4 c5 2.Nf3 d6 3.d4 cxd4 4.Qxd4 a6 5.c4 Nc6 6.Qd2 g6 7.Nc3 Bg7 8.h3 Nf6
9.Bd3 Nd7 10.b3 Nc5 11.Bb2 O-O 12.O-O Nxd3 13.Qxd3 b5 14.cxb5 axb5 15.Qd2 Rb8
16.Rac1 Qa5 17.Rfd1 Bb7 18.Ba1 Rfd8 19.Nd5 Qxd2 20.Nxd2 e6 21.Bxg7 Kxg7 22.Nc3 Ba8
23.f3 f5 24.Kf2 Ne5 25.Ke3 f4+ 26.Ke2 b4 27.Ncb1 Bc6 28.Nc4 Bb5 29.Kf2 Bxc4
30.bxc4 Rbc8 31.Rd4 Rc6 32.Nd2 Ra8 33.Rc2 Kf6 34.Nb3 Rac8 35.Na5 Rc5 36.Nb7 Rxc4
37.Rcxc4 Rxc4 38.Rd2 d5 39.exd5 exd5 40.Rxd5 Rc2+ 41.Kg1 Rxa2 42.Nc5 Rc2
43.Ne4+ Ke6 44.Rd6+ Ke7 45.Rd5 Nc4 46.Rb5 Rb2 47.Rb7+ Ke6 48.Nc5+ Kd6 49.Nd3 Rb1+
50.Kf2 b3 51.Nxf4 b2 52.Nd3 Kc6 53.Rb4 Kd5 54.Kg3 Kd4 55.Rb3 Nd2 56.Rxb2 Kxd3
57.Rxb1 Nxb1 58.Kf4 Nd2 59.h4 Nf1  1/2-1/2

[Event "Vienna op"]
[Site "Vienna"]
[Date "1995.??.??"]
[Round "9"]
[White "Sakaev, Konstantin"]
[Black "Baburin, Alexander"]
[Result "1/2-1/2"]
[WhiteElo "2570"]
[BlackElo "2495"]

1.d4 d5 2.Nf3 Nf6 3.c4 dxc4 4.Nc3 a6 5.e4 b5 6.e5 Nd5 7.a4 e6 8.axb5 Nb6
9.Be3 Qd7 10.bxa6 Rxa6 11.Rc1 Nc6 12.Nd2 Na5 13.Qg4 Bb7 14.Be2 h5 15.Qg5 h4
16.O-O h3 17.g3 Rh7 18.Qg4 Be7 19.Rfd1 Kf8 20.Nce4 Nd5 21.Bf3 Qb5 22.Nc3 Nxc3
23.bxc3 Bxf3 24.Qxf3 Qd5 25.Rb1 Qxf3 26.Nxf3 Nb3 27.d5 exd5 28.Rxd5 Ke8 29.Rbd1 f6
30.Kf1 Kf7 31.Rd7 Rc6 32.exf6 gxf6 33.Bf4 Rh8 34.Rxc7 Rxc7 35.Bxc7 Ra8 36.Bf4 Ra2
37.Nd4 Bc5 38.Be3 Bxd4 39.Bxd4 Rc2 40.Re1 Nxd4 41.cxd4 Rd2 42.Rc1 Rxd4 43.Ke2 Ke6
44.Ra1 Ke5 45.Ra6 Rd8 46.Rc6 Kd4 47.Rxf6 Kc3 48.g4 Kb2 49.Rb6+ Kc2 50.g5 c3
51.g6 Re8+ 52.Kf3 Rc8 53.g7 Rg8 54.Rb7 Kd2 55.Rd7+ Kc1 56.Rc7 Kd2 57.Rd7+  1/2-1/2

[Event "Belgrade"]
[Site "Belgrade"]
[Date "1996.??.??"]
[Round "3"]
[White "Sakaev, Konstantin"]
[Black "Govedarica, Radovan"]
[Result "1-0"]
[WhiteElo "2560"]
[BlackElo "2445"]

1.d4 Nf6 2.c4 e6 3.Nf3 d5 4.Nc3 c6 5.Bg5 dxc4 6.e4 b5 7.e5 h6 8.Bh4 g5 9.Nxg5 hxg5
10.Bxg5 Nbd7 11.g3 Qa5 12.exf6 Ba6 13.Qf3 Bb7 14.Bg2 b4 15.Ne4 c5 16.Nd6+ Bxd6
17.Qxb7 Rd8 18.Qc6 Bb8 19.d5 O-O 20.dxe6 Ne5 21.Qb7 Rfe8 22.O-O Rxe6 23.Rad1 Rde8
24.Qe4 Qb5 25.Qh4  1-0

[Event "Belgrade"]
[Site "Belgrade"]
[Date "1996.??.??"]
[Round "4"]
[White "Certic, Branimir"]
[Black "Sakaev, Konstantin"]
[Result "0-1"]
[WhiteElo "2440"]
[BlackElo "2560"]

1.e4 g6 2.d4 Bg7 3.c3 d6 4.Nf3 Nf6 5.Qc2 O-O 6.Bf4 b6 7.Nbd2 c5 8.dxc5 bxc5
9.Bc4 Nbd7 10.O-O Nb6 11.Bb3 Ba6 12.Rfe1 c4 13.Ba4 Nfd7 14.Be3 Qc7 15.Bxd7 Qxd7
16.a4 Qc7 17.Nd4 Rfb8 18.Nb5 Qc6 19.Nd4 Qe8 20.a5  0-1

[Event "Belgrade"]
[Site "Belgrade"]
[Date "1996.??.??"]
[Round "6"]
[White "Sakaev, Konstantin"]
[Black "Popchev, Milko"]
[Result "1-0"]
[WhiteElo "2560"]
[BlackElo "2475"]

1.d4 d6 2.e4 Nf6 3.f3 e5 4.d5 Be7 5.Be3 Nh5 6.c4 Bg5 7.Bf2 g6 8.Nc3 c5 9.g3 O-O
10.Be2 Bh6 11.f4 exf4 12.Bxh5 gxh5 13.Qxh5 Qg5 14.Qxg5+ Bxg5 15.Nf3 Bh6 16.gxf4 Na6
17.f5 f6 18.Rg1+ Kf7 19.Rg4 Nb4 20.Rd1 Bd7 21.Rh4 Bg7 22.Bg3 Rfe8 23.Kd2  1-0

[Event "Belgrade"]
[Site "Belgrade"]
[Date "1996.??.??"]
[Round "10"]
[White "Sakaev, Konstantin"]
[Black "Petronic, Jovan"]
[Result "1-0"]
[WhiteElo "2560"]
[BlackElo "2435"]

1.d4 Nf6 2.Nf3 c5 3.d5 g6 4.Nc3 Bg7 5.e4 O-O 6.a4 d6 7.Be2 e6 8.O-O exd5
9.exd5 Bg4 10.Bf4 Bxf3 11.Bxf3 Ne8 12.Qd2 Nd7 13.a5  1-0

[Event "EUCup f"]
[Site "Budapest"]
[Date "1996.??.??"]
[Round "3"]
[White "Sakaev, Konstantin"]
[Black "Kharlov, Andrei"]
[Result "1-0"]
[WhiteElo "2600"]
[BlackElo "2605"]

1.d4 d5 2.Nf3 Nf6 3.c4 dxc4 4.Nc3 a6 5.e4 b5 6.e5 Nd5 7.a4 e6 8.axb5 Bb4
9.Qc2 Nb6 10.Qe4 Qd5 11.Qg4 axb5 12.Rxa8 Qxa8 13.Be2 Nd5 14.Qxg7 Rf8 15.O-O Bxc3
16.Ng5 Bb4 17.Bh5 Kd7 18.Nxh7 Re8 19.Bxf7 Re7 20.Bxe6+ Kc6 21.Bxd5+ Kxd5
22.Qg3 Rf7 23.Nf6+ Rxf6 24.exf6 Qa6 25.Qf3+ Ke6 26.Bg5 Qb7 27.Qg4+ Kd5 28.Qf4 Nd7
29.f7 c3 30.bxc3 Bd6 31.Qf3+ Kc4 32.Qe2+ Kd5 33.Be7 Qb6 34.f8=Q Nxf8 35.Bxf8 Bxf8
36.Qf3+ Kc4 37.Qxf8 Bb7 38.Qb4+ Kd5 39.Re1  1-0

[Event "JUG-chT"]
[Site "Budva"]
[Date "1996.??.??"]
[Round "1"]
[White "Sakaev, Konstantin"]
[Black "Kharlov, Andrei"]
[Result "1/2-1/2"]
[WhiteElo "2560"]
[BlackElo "2575"]

1.d4 d5 2.Nf3 Nf6 3.c4 dxc4 4.Nc3 e6 5.e4 Bb4 6.Bg5 c5 7.Bxc4 cxd4 8.Nxd4 Nbd7
9.O-O Bxc3 10.bxc3 Qa5 11.Bh4 O-O 12.Re1 Ne5 13.Bf1 Bd7 14.Nb3 Qd8 15.Bg3 Ng6
16.Bd6 Re8 17.e5 Nd5 18.c4 Nde7 19.Nd4 Nf5 20.Nxf5 exf5 21.Qf3 Qc8 22.c5 Bc6
23.Qb3 f4 24.Bc4 Re6 25.f3 Qd7 26.Bxe6 fxe6 27.g3 Qf7 28.Rad1 Re8 29.Rd4 Qf5
30.Qd3 Qg5 31.Kf2 Qh5 32.Kg2 Qg4 33.Ree4 Qf5 34.Qe2 h6 35.Rxf4 Nxf4+ 36.Rxf4 Qb1
37.Rd4 Rd8 38.Rd1 Qb4 39.h3 Rd7 40.Qd2 Qa3 41.Qe2 Rf7 42.Rd3 Qc1 43.Re3 Bd5
44.a3 a6 45.Kh2 Bc4 46.Qf2 Qd1 47.f4 Bd5 48.Re1 Qd3 49.Qe3 Qc4 50.Rd1 Qc2+
51.Rd2 Qc4 52.Rd4 Qb5 53.Rxd5 exd5 54.e6 Rf6 55.e7 Kf7 56.Qe5 Ke8 57.Qh5+ g6
58.Qe5 Qf1 59.Qxf6  1/2-1/2

[Event "JUG-chT"]
[Site "Budva"]
[Date "1996.??.??"]
[Round "4"]
[White "Nikcevic, Nebojsa"]
[Black "Sakaev, Konstantin"]
[Result "1/2-1/2"]
[WhiteElo "2485"]
[BlackElo "2560"]

1.d4 Nf6 2.Nf3 e6 3.c4 b6 4.g3 Ba6 5.b3 Bb4+ 6.Bd2 Be7 7.Bg2 d5 8.Ne5 O-O
9.O-O Bb7 10.Nc3 Na6  1/2-1/2

[Event "JUG-chT"]
[Site "Budva"]
[Date "1996.??.??"]
[Round "6"]
[White "Georgiev, Kiril"]
[Black "Sakaev, Konstantin"]
[Result "0-1"]
[WhiteElo "2615"]
[BlackElo "2560"]

1.Nf3 Nf6 2.c4 e6 3.Nc3 Bb4 4.Qc2 O-O 5.a3 Bxc3 6.Qxc3 c5 7.b3 b6 8.Bb2 Bb7
9.e3 d6 10.Be2 Nbd7 11.O-O e5 12.d4 Re8 13.d5 b5 14.Nd2 bxc4 15.bxc4 Bc8
16.Bd3 Rb8 17.Rab1 Nb6 18.Ba1 Na4 19.Qc2 Rxb1 20.Rxb1 Nb6 21.Nf1 Bd7 22.Ng3 h6
23.h3 Qe7 24.Kh2 h5 25.Qc3 Qd8 26.Qa5 Qc7 27.Bc3 h4 28.Nf1 Nh7 29.e4 Nf8
30.Ne3 Ng6 31.Bd2 Bc8 32.Bf1 Ne7 33.Nd1 Bd7 34.Nc3 Ra8 35.Bg5 Ng6 36.Nb5 Bxb5
37.Rxb5 f6 38.Bd2 Nf8 39.Be2 Qd8 40.Qa6 Qc8 41.Qxc8 Rxc8 42.Ba5 Rb8 43.Bg4 Kf7
44.Kg1 Ke7 45.Kf1 Nfd7 46.Be2 Kd8 47.Ke1 Kc7 48.Bg4 Nf8 49.Rb3 Ng6 50.Bf5 Ne7
51.Be6 Kb7 52.Bg4 Rh8 53.Bd2 Kc7 54.Be2 Nd7 55.Bd3 Ng6 56.Ba5+ Nb6 57.Kd2 Nf4
58.Bf1 Kb7 59.Kc2 Ka6 60.Bd2 Ng6 61.a4 Nd7 62.Be2 Ngf8 63.Bg4 g6 64.a5 Rh7
65.f4 Re7 66.Kd3 Re8 67.Bc1 Rc8 68.f5 g5 69.Bd1 Rb8 70.Rxb8 Nxb8 71.Ba4 Kb7
72.Bb5 Na6 73.Kc2 Nc7 74.Ba4 Kc8 75.Bc6 Kd8 76.Bb7 Nd7 77.Bc6  0-1

[Event "RUS-ch"]
[Site "Elista"]
[Date "1996.??.??"]
[Round "6"]
[White "Vorotnikov, Vladislav V"]
[Black "Sakaev, Konstantin"]
[Result "1/2-1/2"]
[WhiteElo "2510"]
[BlackElo "2600"]

1.e4 c5 2.c3 Nf6 3.e5 Nd5 4.Nf3 Nc6 5.Na3 g6 6.g3 Bg7 7.Bg2 d6 8.exd6 Qxd6
9.O-O O-O 10.d4 cxd4 11.Nb5 Qc5  1/2-1/2

[Event "RUS-ch"]
[Site "Elista"]
[Date "1996.??.??"]
[Round "9"]
[White "Sakaev, Konstantin"]
[Black "Yakovich, Yuri"]
[Result "1/2-1/2"]
[WhiteElo "2600"]
[BlackElo "2530"]

1.c4 e5 2.Nc3 Nf6 3.Nf3 Nc6 4.a3 g6 5.g3 Bg7 6.Bg2 O-O 7.O-O d6 8.d3 Nd4
9.Bg5 Nxf3+ 10.Bxf3 h6 11.Bxf6 Qxf6 12.Rb1 c6 13.b4 a6 14.a4 Bd7 15.b5 axb5
16.axb5 Ra3 17.Rb3  1/2-1/2

[Event "RUS-ch"]
[Site "Elista"]
[Date "1996.??.??"]
[Round "10"]
[White "Zakharevich, Igor"]
[Black "Sakaev, Konstantin"]
[Result "0-1"]
[WhiteElo "2485"]
[BlackElo "2600"]

1.d4 Nf6 2.c4 e6 3.Nf3 b6 4.Nc3 Bb7 5.a3 g6 6.d5 Bg7 7.g3 O-O 8.Bg2 c6 9.dxe6 fxe6
10.h4 d5 11.Qc2 Nbd7 12.Ng5 Qe7 13.Bh3 d4 14.h5 dxc3 15.Bxe6+ Kh8 16.hxg6 h6
17.Nf7+ Rxf7 18.Bxf7 Ne5 19.Kf1 Nfg4 20.bxc3 Rf8 21.Bf4 Qc5 22.e4 Nxf7 23.gxf7 Rxf7
24.Qe2 Bc8 25.Rd1 Be6 26.Kg2 Kh7 27.Rh4 Ne5 28.Be3 Qxc4 29.Qxc4 Nxc4 30.Bd4 Bf8
31.f4 Rd7 32.f5 Bf7 33.Rhh1 Bxa3 34.Kf3 Bf8 35.Bf6 Rxd1 36.Rxd1 Bd6 37.g4 Ne5+
38.Kg2 Nc4 39.Rh1 Be5 40.Bg5  0-1

[Event "St Petersburg-Paris"]
[Site "Paris"]
[Date "1996.??.??"]
[Round "2"]
[White "Sakaev, Konstantin"]
[Black "Renet, Olivier"]
[Result "1-0"]
[WhiteElo "2560"]
[BlackElo "2500"]

1.Nf3 Nf6 2.c4 e6 3.Nc3 d5 4.d4 Bb4 5.Bg5 h6 6.Bxf6 Qxf6 7.Qb3 c5 8.cxd5 exd5
9.a3 Bxc3+ 10.Qxc3 Nd7 11.e3 O-O 12.Be2 b6 13.O-O Bb7 14.Rac1 Qe7 15.Rfd1 Rac8
16.Bf1 Nf6 17.dxc5 bxc5 18.b4 c4 19.Qe5 Qe6 20.Qd4 Qa6 21.Qa1 Rfe8 22.Nd4 Bc6
23.Be2 Ba4 24.Re1 Rb8 25.Bf3 Qb6 26.Qc3 Bd7 27.Red1 Rbd8 28.h3 Qc7 29.Rd2 Re5
30.Ne2 Bf5 31.Qd4 Rd7 32.Qf4 Be4 33.Nc3 Bxf3 34.Qxf3 Qb6 35.Rd4 Qe6 36.Rcd1 Rf5
37.Qe2 Re5 38.Qd2 Rg5 39.Kf1 Rf5 40.f4 Re7 41.g4 Qxe3 42.Qxe3 Rxe3 43.Ne2 Nxg4
44.hxg4 Rf6 45.Rxd5 Rxa3 46.R1d4 Rb6 47.Rxc4 Ra4 48.Rc8+ Kh7 49.b5 a6 50.bxa6 Rbxa6
51.Kf2 Ra8 52.Rxa8 Rxa8 53.Ng3 Ra7 54.Re5 Ra8 55.Kf3 Kg8 56.Nf5 Ra3+ 57.Re3 Ra8
58.Rc3 Kf8 59.Ke4 Rd8 60.Rc7 Kg8 61.Rc8 Rxc8 62.Ne7+ Kh7 63.Nxc8 Kg8 64.Nd6 Kf8
65.Ke5 Kg8 66.Nf5 Kh7 67.Kd6 g6 68.Nh4 Kg7 69.Ke7 f6 70.Ke6 h5 71.g5  1-0

[Event "St Petersburg-Paris"]
[Site "Paris"]
[Date "1996.??.??"]
[Round "7"]
[White "Wagner, Claude"]
[Black "Sakaev, Konstantin"]
[Result "0-1"]
[WhiteElo "2420"]
[BlackElo "2560"]

1.d4 d6 2.e4 g6 3.c4 Bg7 4.Nc3 Nf6 5.Be2 O-O 6.Bg5 Nbd7 7.Qd2 c6 8.f3 a6
9.Nh3 b5 10.Nf2 bxc4 11.Bxc4 a5 12.O-O a4 13.Rfe1 Qa5 14.Rac1 Re8 15.Bf1 Bb7
16.Be3 Red8 17.f4 c5 18.d5 Nb6 19.Qc2 Ba6 20.Bxa6 Qxa6 21.Rcd1 Nc4 22.Bc1 Nd7
23.Rd3 Rdb8 24.Rh3 Qa5 25.Rf1 Rb4 26.Ng4 h5 27.Nf2 a3 28.b3 Nb2 29.e5 dxe5
30.f5 Qa6 31.Nfe4 c4 32.fxg6 fxg6 33.d6 cxb3 34.axb3 e6 35.Ng5 Rf8 36.Re1 Rf5
37.Nce4 Qb6+ 38.Be3 Qb7 39.Bc5 Nxc5 40.Nxc5 Qb6 41.Nxe6 Qxd6 42.Rg3 Rg4 43.Rxg4 hxg4
44.b4 Bh6 45.b5 Bd2 46.Ra1 Be3+ 47.Kh1 Kh7 48.Qe4 Bxc5 49.Qb7+ Qe7 50.Nxc5 Qxb7
51.Nxb7 Nc4 52.Nc5 Rf2 53.Nd3 Rd2 54.Nb4 Rb2 55.Nd5 Rxb5 56.Nc3 Rb2 57.Kg1 Rc2
58.Ne4 a2 59.Kf1  0-1

[Event "St Petersburg-Paris"]
[Site "Paris"]
[Date "1996.??.??"]
[Round "8"]
[White "Sakaev, Konstantin"]
[Black "Chomet, Pascal"]
[Result "1/2-1/2"]
[WhiteElo "2560"]
[BlackElo "2410"]

1.d4 Nf6 2.c4 g6 3.Nc3 Bg7 4.e4 d6 5.f3 e5 6.Nge2 O-O 7.Bg5 Nc6 8.d5 Na5
9.Ng3 c5 10.a3 b6 11.Bd3 Bd7 12.O-O h6 13.Be3 Rc8 14.Nb5 Bxb5 15.cxb5 c4
16.Bc2 Nd7 17.Ne2 Nc5 18.Nc1 h5 19.a4 Kh7 20.Ra3 Bh6 21.Bxh6 Kxh6 22.Na2 Nab3
23.Nb4 Qg5 24.Nc6 Rc7 25.Rf2 f5 26.exf5 gxf5 27.Qf1 Qf4 28.g3 Rg7 29.Kh1 Qe3
30.f4 e4 31.Re2 Qc1 32.Qxc1 Nxc1 33.Rg2 N1d3 34.Bd1 Re8 35.Nd4 Kg6 36.Rc3 Nb4
37.Rxc4 Nxd5 38.Nc2 Nf6 39.Nd4 Nd5 40.Nc2 Nf6 41.Nd4 Nd5  1/2-1/2

[Event "Petrov mem"]
[Site "St Petersburg"]
[Date "1996.??.??"]
[Round "1"]
[White "Alekseev, Vadim"]
[Black "Sakaev, Konstantin"]
[Result "1-0"]
[WhiteElo "2355"]
[BlackElo "2560"]

1.b4 e5 2.Bb2 d6 3.c4 g6 4.d4 Nd7 5.e3 Bg7 6.Nf3 e4 7.Nfd2 f5 8.Nc3 Nh6 9.Qb3 c6
10.Ne2 Nf6 11.h4 Be6 12.Nf4 Bf7 13.a4 O-O 14.b5 Nhg4 15.Be2 Qe7 16.a5 c5
17.d5 Rae8 18.a6 b6 19.Nf1 Ne5 20.Ng3 Nfg4 21.h5 Qg5 22.Nh3 Qf6 23.hxg6 hxg6
24.O-O-O g5 25.Bxg4 fxg4 26.Nxe4 Nd3+ 27.Rxd3 Qxb2+ 28.Qxb2 Bxb2+ 29.Kxb2 Rxe4
30.Nxg5 Rxc4 31.e4 Be8 32.f3 Bxb5 33.Rdd1 Ba4 34.Rdg1 Rc2+ 35.Kb1 c4 36.Rh4 c3
37.Rxg4 Rc8 38.Rh1 Rc4 39.Ne6+ Kf7 40.Rf4+ Kg6 41.Nf8+ Kg7 42.Ne6+  1-0

[Event "Petrov mem"]
[Site "St Petersburg"]
[Date "1996.??.??"]
[Round "3"]
[White "Zakharevich, Igor"]
[Black "Sakaev, Konstantin"]
[Result "1/2-1/2"]
[WhiteElo "2435"]
[BlackElo "2560"]

1.d4 d6 2.g3 g6 3.Bg2 Bg7 4.Nc3 Na6 5.Nf3 c5 6.O-O Nf6 7.h3 O-O 8.e4 cxd4
9.Nxd4 Nc5 10.Be3 Bd7 11.a4 Rc8 12.Re1 b6 13.Ra3 Qc7 14.Bg5 a6 15.Bxf6 exf6
16.b4 Ne6 17.Nd5 Qd8 18.c3 Re8 19.a5 b5 20.Nb6 Rc7 21.h4 Nxd4 22.cxd4 Bc6  1/2-1/2

[Event "St Petersburg-ch"]
[Site "St Petersburg"]
[Date "1996.??.??"]
[Round "6"]
[White "Loginov, Valery A"]
[Black "Sakaev, Konstantin"]
[Result "0-1"]
[WhiteElo "2525"]
[BlackElo "2600"]

1.Nf3 Nf6 2.g3 b5 3.Na3 a6 4.c4 e5 5.b3 e4 6.Nh4 Bc5 7.Nc2 d5 8.d4 exd3 9.Qxd3 Nc6
10.cxd5 Ne5 11.Qc3 Bxf2+ 12.Kd1 Qxd5+ 13.Bd2 Ne4  0-1

[Event "Petrov mem"]
[Site "St Petersburg"]
[Date "1996.??.??"]
[Round "7"]
[White "Sakaev, Konstantin"]
[Black "Novgorodskij, Vladimir"]
[Result "1-0"]
[WhiteElo "2560"]
[BlackElo "2325"]

1.d4 d5 2.c4 e6 3.Nf3 Nf6 4.Nc3 Nbd7 5.Bg5 Be7 6.e3 O-O 7.Rc1 a6 8.b3 c6
9.Bd3 Qa5 10.O-O Ba3 11.Rc2 Bb4 12.Nb1 Bd6 13.Nbd2 Re8 14.e4 dxe4 15.Nxe4 Nxe4
16.Bxe4 c5 17.Re2 Qc7 18.Bh4 cxd4 19.Qxd4 e5 20.Qd3 h6 21.Rd1 Bf8 22.Bd5 Nc5
23.Qc3 e4 24.Bg3 Qb6 25.Ne5 Be6 26.Bxe4 Nxe4 27.Rxe4 Bb4 28.Qf3 Red8 29.Nd3 Bc3
30.h3 Qa5 31.Nf4 Rxd1+ 32.Qxd1 Rd8 33.Qf3 Bf5 34.Re2 Rd2 35.Re8+ Kh7 36.Nd5 Bg6
37.Nxc3 Rd3 38.Qxb7 Qxc3 39.Qc8 Bh5 40.Qf5+ Bg6 41.Qc8 Bh5  1-0

[Event "St Petersburg-ch"]
[Site "St Petersburg"]
[Date "1996.??.??"]
[Round "7"]
[White "Sakaev, Konstantin"]
[Black "Taimanov, Mark E"]
[Result "1-0"]
[WhiteElo "2600"]
[BlackElo "2470"]

1.Nf3 Nf6 2.c4 e6 3.Nc3 Bb4 4.Qc2 O-O 5.a3 Bxc3 6.Qxc3 c5 7.g3 b6 8.Bg2 Bb7
9.O-O d5 10.d3 Nbd7 11.b4 Rc8 12.cxd5 cxb4 13.Qb2 bxa3 14.Rxa3 Bxd5 15.Rxa7 Ra8
16.Rxa8 Qxa8 17.Bd2 Qb7 18.Rb1 Bc6 19.Bc3 Rc8 20.Bd4 b5 21.h3 Ne8 22.e4 f6
23.Qb3 Nf8 24.Be3 Qf7 25.Nd4 Bd7 26.Qa3 Nc7 27.Nb3 e5 28.d4 exd4 29.Nxd4 g6
30.Rc1 Nfe6 31.Nc6 Kg7 32.Nb4 Qe7 33.Qb2 Qd6 34.f4 Qe7 35.Kh2 h5 36.Rd1 Be8
37.h4 Rd8 38.Rc1 Kh7 39.Qc3 Qg7 40.f5  1-0

[Event "St Petersburg-ch"]
[Site "St Petersburg"]
[Date "1996.??.??"]
[Round "8"]
[White "Ionov, Sergey"]
[Black "Sakaev, Konstantin"]
[Result "1/2-1/2"]
[WhiteElo "2490"]
[BlackElo "2600"]

1.d4 Nf6 2.c4 g6 3.Nc3 Bg7 4.e4 d6 5.Be2 O-O 6.Bg5 Nbd7 7.f3 a6 8.Nh3 c6
9.Nf2 b5 10.O-O bxc4 11.Bxc4 a5 12.Rc1 Bb7 13.Re1 Qb8 14.Qd2 Re8 15.Bh6 Bh8
16.Bb3 c5 17.Be3 cxd4 18.Bxd4 Rc8 19.Na4 Rxc1 20.Rxc1 Bg7 21.Nd1 e6 22.Nac3 Ba6
23.Nf2 Qb4 24.Be3 Qb8  1/2-1/2

[Event "Petrov mem"]
[Site "St Petersburg"]
[Date "1996.??.??"]
[Round "8"]
[White "Skomorokhin, Roman"]
[Black "Sakaev, Konstantin"]
[Result "1-0"]
[WhiteElo "2450"]
[BlackElo "2560"]

1.Nf3 d6 2.d4 Bg4 3.c4 Nd7 4.g3 Bxf3 5.exf3 g6 6.Bh3 Bg7 7.O-O Ngf6 8.d5 O-O
9.Nc3 c6 10.Be3 Qa5 11.Qb3 Rab8 12.Rfd1 Nb6 13.Bf1 Rfc8 14.Bd2 Nbd7 15.f4 Qb6
16.Re1 Kf8 17.Qd1 cxd5 18.cxd5 Qxb2 19.Rb1 Qa3 20.Re3 Nb6 21.Qe1 Qc5 22.Rxe7 Nbxd5
23.Nxd5 Qxd5 24.Bg2 Qxa2 25.Bb4 Rd8 26.Rd1 Kg8 27.Bxd6 Bf8 28.Ra1 Qxa1 29.Qxa1 Rxd6
30.Rxb7 Rbd8 31.Bf3 a6 32.Qa2 R8d7 33.Rb8 Kg7 34.Qb2 Rd2 35.Qc3 Be7 36.Rb7 R2d3
37.Qe5 Rxb7 38.Bxb7 Bd6 39.Qb2 a5 40.Bc6  1-0

[Event "Petrov mem"]
[Site "St Petersburg"]
[Date "1996.??.??"]
[Round "9"]
[White "Sakaev, Konstantin"]
[Black "Andreev, Konstantin"]
[Result "1-0"]
[WhiteElo "2560"]
[BlackElo "2310"]

1.d4 Nf6 2.Nf3 c5 3.d5 b5 4.Bg5 Qb6 5.Bxf6 Qxf6 6.c3 Qb6 7.e4 g6 8.Nbd2 Bg7
9.a4 b4 10.Nc4 Qb7 11.Qc2 d6 12.Bd3 O-O 13.O-O bxc3 14.bxc3 Qc7 15.Ne3 Ba6
16.Bxa6 Nxa6 17.Nc4 Rab8 18.Nfd2 e6 19.Qd3 Rfd8 20.f4 exd5 21.exd5 f5 22.Rfe1 Rd7
23.Nf3 h6 24.Re6 Kh7 25.Rae1 Qd8 26.g4 Qf8 27.Nh4 Bf6 28.Nxg6 Kxg6 29.Qxf5+ Kg7
30.Rxf6 Qxf6 31.Qxd7+ Kf8 32.Nxd6 Qxf4 33.Rf1 Rb1 34.Qe8+ Kg7 35.Nf5+  1-0

[Event "St Petersburg-ch"]
[Site "St Petersburg"]
[Date "1996.??.??"]
[Round "13"]
[White "Sakaev, Konstantin"]
[Black "Orlov, Vassily"]
[Result "1/2-1/2"]
[WhiteElo "2600"]
[BlackElo "2430"]

1.Nf3 d6 2.d4 Bg4 3.c4 Nd7 4.Nc3 Ngf6 5.Nh4 e5 6.g3 c6 7.Bg2 Be7 8.d5 cxd5
9.cxd5 O-O 10.h3 Bh5 11.Nf5 Ne8 12.h4 Nc5 13.f3 Bg6 14.Nxe7+ Qxe7 15.e4 h5
16.g4 Qd7 17.Be3 b5 18.b4 Na4 19.Nxa4 bxa4 20.g5 f5 21.gxf6 gxf6 22.Bh3 f5
23.Rg1 Kh7 24.Qc2 Ng7 25.Qg2 Qf7 26.Qg5 f4 27.Bf2 Rfb8 28.Rb1 Rb7 29.a3 Rab8
30.Rd1 Rc7 31.Kd2 a5 32.bxa5 Rb2+ 33.Ke1 Rc3 34.Bf1  1/2-1/2

[Event "JUG-chT"]
[Site "Vrnjacka Banja"]
[Date "1996.??.??"]
[Round "?"]
[White "Sakaev, Konstantin"]
[Black "Nevednichy, Vladislav"]
[Result "1-0"]
[WhiteElo "2560"]
[BlackElo "2505"]

1.d4 d6 2.e4 Nf6 3.f3 e5 4.d5 Be7 5.Be3 O-O 6.c4 c6 7.Nc3 cxd5 8.cxd5 Nh5
9.Qd2 g6 10.Bd3 Nf4 11.Bc2 Nd7 12.g3 Nh5 13.Nge2 Ng7 14.O-O-O a6 15.Bh6 b5
16.h4 Nb6 17.Kb1 Bd7 18.Rc1 Nc4 19.Qe1 Qb6 20.Bd3 Rfc8 21.Nd1 Rab8 22.g4 Rb7
23.Bxc4 bxc4 24.Qd2 Qd8 25.h5 g5 26.Bxg7 Kxg7 27.Ne3 Bb5 28.Nf5+ Kg8 29.Nxe7+ Qxe7
30.Ng3 Rcb8 31.Nf5 Qd8 32.Rh2 f6 33.Qb4 Rb6 34.Qa3 Rc8 35.Rhc2 Rc5 36.Ka1 Qc7
37.b4 cxb3 38.Rxc5 b2+ 39.Kxb2 dxc5 40.Rxc5 Qb7 41.Ka1 Bd7 42.Rc1 Bxf5 43.gxf5 Qd7
44.h6 Kf7 45.Qc5 Rb7  1-0

[Event "JUG-chT"]
[Site "Vrnjacka Banja"]
[Date "1996.??.??"]
[Round "?"]
[White "Leskur, Dejan"]
[Black "Sakaev, Konstantin"]
[Result "1/2-1/2"]
[WhiteElo "2295"]
[BlackElo "2560"]

1.e4 c5 2.Nf3 d6 3.d4 cxd4 4.Nxd4 Nf6 5.Nc3 Nc6 6.f3 e5 7.Nb3 Be6 8.Be3 Be7
9.Qd2 O-O 10.O-O-O a5 11.Bb5 Na7 12.a4 Nxb5 13.Nxb5 d5 14.Nc5 d4 15.Nxe6 fxe6
16.Bg5 Rc8 17.Bxf6 Bxf6 18.Qd3 Qe8 19.Qb3 Qg6 20.g3 Be7 21.Kb1 Bc5 22.Rhe1 Kh8
23.Re2 Rf6 24.Qd3 Rcf8 25.Rf1 Qf7 26.Ref2 b6 27.Ka2 g5 28.g4 Rh6 29.Na3 Qf4
30.Nc4 Rxh2 31.Rxh2 Qxh2 32.Nd2 Kg7 33.Kb3 Rf6 34.Nc4 Qf4 35.Ka2 Rh6 36.Kb3 Rh2
37.Ka2 Kf6 38.Qb3 Ke7 39.Nxb6 Bxb6  1/2-1/2

[Event "JUG-chT"]
[Site "Vrnjacka Banja"]
[Date "1996.??.??"]
[Round "?"]
[White "Notkin, Maksim"]
[Black "Sakaev, Konstantin"]
[Result "1/2-1/2"]
[WhiteElo "2515"]
[BlackElo "2560"]

1.d4 Nf6 2.Nf3 e6 3.c4 b6 4.e3 Bb7 5.Bd3 Be7 6.O-O O-O 7.Nc3 d5 8.b3 Nbd7
9.Bb2 c5 10.Qe2 cxd4 11.exd4 Rc8 12.Rac1 Re8 13.Rfd1 Nf8 14.Ne5  1/2-1/2

[Event "St Petersburg-ch"]
[Site "St Petersburg"]
[Date "1997.03.04"]
[Round "1"]
[White "Mishuchkov, Nikolai M"]
[Black "Sakaev, Konstantin"]
[Result "1/2-1/2"]
[WhiteElo "2395"]
[BlackElo "2580"]

1.d4 Nf6 2.Nf3 e6 3.e3 c5 4.c4 cxd4 5.exd4 d5 6.Nc3 Be7 7.Bf4 O-O 8.Rc1 Nc6
9.a3 Ne4 10.Bd3 Nxc3 11.Rxc3 dxc4 12.Rxc4 Qa5+ 13.Bd2 Qd5 14.Qc2 f5 15.O-O Bd7
16.Rc1 Rac8 17.Qb1 b5 18.R4c3 a6 19.Be3 Bd6 20.b4 Ne7 21.Rxc8 Rxc8 22.Rxc8+ Nxc8
23.Qc1 Bc6 24.Bf4 Be7 25.Bf1 Bb7 26.Qc7 Bd8 27.Qb8 Bb6 28.Be5 Qd7 29.Bg3 Ba7
30.Qf4 h6 31.h4 Kh7 32.h5 Bxf3 33.Qxf3 Bxd4 34.Qa8 Ba7 35.Be5 Nb6 36.Qf3 Nc4
37.Bc3 Bb8 38.g3 Nxa3 39.Bxg7 Kxg7 40.Qxa3 Qc6 41.Bg2 Qc8 42.Qf3 Kf6 43.Qe3 Qf8
44.Bb7 f4 45.gxf4 Qxb4 46.Bxa6 Qa4 47.Qc5 Qd1+ 48.Kg2 Qg4+ 49.Kf1 Qd1+ 50.Kg2 Bd6
51.Qxb5 Qg4+ 52.Kf1 Bxf4 53.Bb7  1/2-1/2

[Event "St Petersburg-ch"]
[Site "St Petersburg"]
[Date "1997.03.12"]
[Round "7"]
[White "Sakaev, Konstantin"]
[Black "Popov, Valerij"]
[Result "1-0"]
[WhiteElo "2580"]
[BlackElo "2430"]

1.d4 g6 2.c4 Bg7 3.Nc3 d6 4.Nf3 Bg4 5.e3 e5 6.Be2 Ne7 7.d5 O-O 8.e4 h6 9.h3 Bxf3
10.Bxf3 Nd7 11.h4 a6 12.h5 g5 13.Bg4 Nf6 14.Be2 c6 15.Bd3 b5 16.b3 Rc8 17.Bd2 Qb6
18.Rc1 Rc7 19.c5 Qxc5 20.Nxb5 Qxc1 21.Qxc1 axb5 22.dxc6 Nxc6 23.Bxb5 Nxe4
24.Ba5 Rcc8 25.Bxc6 Nc5 26.O-O Rxc6 27.b4 Ra6 28.Qc4 Rfa8 29.Qb5 Ne6 30.Rc1 Nd4
31.Rc8+ Rxc8 32.Qxa6 Rc1+ 33.Kh2 Rc2 34.b5 Kh7 35.Bb6 Rxf2 36.Bxd4 exd4 37.b6 Be5+
38.Kg1 Rd2 39.b7 d5 40.Qf1 Kg7  1-0

[Event "St Petersburg-ch"]
[Site "St Petersburg"]
[Date "1997.03.13"]
[Round "8"]
[White "Epishin, Vladimir"]
[Black "Sakaev, Konstantin"]
[Result "1/2-1/2"]
[WhiteElo "2600"]
[BlackElo "2580"]

1.d4 d5 2.c4 c6 3.Nc3 dxc4 4.e3 b5 5.a4 b4 6.Ne4 Nf6 7.Nxf6+ exf6 8.Bxc4 Bd6
9.Qc2 O-O 10.Bd3 g6 11.Nf3 Qc7 12.b3 f5 13.Bb2 Be6 14.Bc4 Bd5 15.Bxd5 cxd5
16.Qxc7 Bxc7 17.Rc1 Bd6 18.Ke2 f6 19.h4 Kf7 20.Ne1 a5 21.Nd3 Ra6 22.Rc2 Rc6
23.Rxc6 Nxc6 24.Rc1  1/2-1/2

[Event "RUS-Cup7"]
[Site "Kstovo"]
[Date "1997.05.02"]
[Round "2"]
[White "Kulikov, Alexander O"]
[Black "Sakaev, Konstantin"]
[Result "1/2-1/2"]
[WhiteElo "2285"]
[BlackElo "2580"]

1.Nf3 g6 2.d4 Bg7 3.c4 d6 4.Nc3 Nd7 5.g3 e5 6.Bg2 Ne7 7.O-O O-O 8.dxe5 dxe5
9.Qc2 Nf5 10.e3 Re8 11.Rd1 c6 12.b3 Qe7 13.Bb2 h5 14.a4 Nf8 15.Ba3 Qc7 16.Ng5 a5
17.Nge4 Be6 18.h3 Rad8 19.Rac1 Rxd1+ 20.Rxd1 Rd8 21.Ng5 Bf6 22.Nce4 Be7 23.Bb2 Rxd1+
24.Qxd1 f6 25.Nxe6 Nxe6 26.g4 hxg4 27.hxg4 Nd6 28.Qc2 Kg7 29.Bc3 Nf7 30.Ng3 Nfg5
31.Qd2 b6 32.Ne4 Bc5 33.Qd3 Qc8 34.Kf1 Nxe4 35.Bxe4 Qe8 36.Ke2 Ng5 37.Kd2 Qe6
38.f3 Qe8 39.Kc2 Ne6 40.Qe2 Qd7 41.Bd3 Bb4 42.Bb2 Qd6 43.Qf1 Bc5 44.Qe2 Ba3
45.Bc3 Bb4 46.Bb2 Qd7 47.Qf1 Bd6 48.Qd1 Nc5 49.Be2 Qe7 50.Ba3 Nb7 51.Bb2 Bc5
52.Qd3 Nd6 53.f4 Kf7 54.Bf1 e4 55.Qc3 Qd8 56.Bg2 Bb4 57.Qd4 Bc5 58.Qc3 Bb4  1/2-1/2

[Event "RUS-Cup7"]
[Site "Kstovo"]
[Date "1997.05.04"]
[Round "4"]
[White "Skomorokhin, Roman"]
[Black "Sakaev, Konstantin"]
[Result "1/2-1/2"]
[WhiteElo "2475"]
[BlackElo "2580"]

1.d4 e6 2.c4 Bb4+ 3.Bd2 a5 4.g3 Nf6 5.Bg2 d5 6.a3 Be7 7.Qc2 O-O 8.Nf3 c6
9.O-O Nbd7 10.Rd1 b6 11.Be1 Bb7 12.Nc3 Rc8 13.cxd5 cxd5 14.Qb1 Ne4 15.Nxe4 dxe4
16.Ne5 Nf6 17.b4 axb4 18.axb4 Qd5 19.Ra7 Ra8 20.Rxa8 Rxa8 21.e3 b5 22.Rc1 h5
23.Nd3 Qf5  1/2-1/2